Organization Design: (Record no. 189487)

MARC details
000 -LEADER
fixed length control field 00608nam a22001817a 4500
005 - DATE AND TIME OF LATEST TRANSACTION
control field 20220701160752.0
010 ## - LCCN (DPL NO)
LC control number ENG-133420
020 ## - INTERNATIONAL STANDARD BOOK NUMBER
International Standard Book Number 9789391138578
Terms of availability 695.00
035 ## - SYSTEM CONTROL NUMBER
System control number EN-116752
037 ## - SOURCE OF ACQUISITION
Source of stock number/acquisition DBAD/PUB
082 ## - DEWEY DECIMAL CLASSIFICATION NUMBER
Classification number 658.406
100 ## - MAIN ENTRY--PERSONAL NAME
Personal name Anderson, Donald L.
245 ## - TITLE STATEMENT
Title Organization Design:
Remainder of title Creating Strategic & Agilel Organizations/
Statement of responsibility, etc Donald L. Anderson
260 ## - PUBLICATION, DISTRIBUTION, ETC. (IMPRINT)
Place of publication, distribution, etc New Delhi
Name of publisher, distributor, etc Sage Publications India Pvt. Ltd
Date of publication, distribution, etc 2019
270 ## - ADDRESS
Address B1/I-I Mohan Cooperative Industrial Area Mathura Road
City New Delhi
Postal code 110044
300 ## - PHYSICAL DESCRIPTION
Extent vp.
Dimensions 23cm(pbk)
942 ## - ADDED ENTRY ELEMENTS (KOHA)
Source of classification or shelving scheme Dewey Decimal Classification
Item type English Books
Classification part 658.406
Call number suffix AND
Holdings
Withdrawn status Lost status Not for loan Collection code Home library Current library Date acquired Source of acquisition Cost, normal purchase price Full call number Barcode Copy number Cost, replacement price Koha item type
      Non-fiction Ashok Vihar Ashok Vihar 01/07/2022 DBAD/PUB 695.00 658.406 AND EN-116952 1 695.00 English Books

© Delhi Public Library
Hit Counter
free hit counter